[Event "Girona Territorial-ch"]
[Site "Girona"]
[Date "2013.11.24"]
[Round "8"]
[White "Radionov, Vasily"]
[Black "Vidal Palou, Jordi"]
[Result "1/2-1/2"]
[WhiteElo "1927"]
[BlackElo "1699"]
[PlyCount "84"]
[EventDate "2013.09.22"]
[EventType "swiss"]
[EventRounds "9"]
[EventCountry "ESP"]
[SourceTitle "EXT 2015"]
[Source "ChessBase"]
[SourceDate "2014.11.20"]
[SourceVersion "1"]
[SourceVersionDate "2014.11.20"]
[SourceQuality "1"]

1. e4 c5 2. Nf3 Nc6 3. Bc4 e6 4. d4 cxd4 5. Nxd4 Nf6 6. Nxc6 bxc6 7. Bd3 a5 8. 0-0 Ba6 9. Be3 Bxd3 10. cxd3 d5 11. e5 Nd7 12. Qa4 Nxe5 13. d4 Nd7 14. Qxc6 Rc8 15. Qa6 Be7 16. Nd2 0-0 17. Rfc1 Ra8 18. Qd3 Nf6 19. h3 Bd6 20. Bg5 h6 21. Bh4 g5 22. Bg3 Bxg3 23. Qxg3 Nh5 24. Qf3 Ng7 25. Rc6 Qb8 26. Qc3 Nf5 27. f4 Ng3 28. Re1 Qxf4 29. Re3 Ne4 30. Nxe4 dxe4 31. g3 Qb8 32. Rxe4 Qb7 33. Re5 Rfd8 34. Rec5 Qd7 35. d5 Qe7 36. Qe5 Qf8 37. d6 Qg7 38. Qxg7+ Kxg7 39. b3 Rd7 40. Kg2 f6 41. h4 Kf7 42. Rc7 Ke8 1/2-1/2

[Event "Girona Territorial-ch"]
[Site "Girona"]
[Date "2013.10.27"]
[Round "5"]
[White "Radionov, Vasily"]
[Black "Gonzalez Escudero, Josep"]
[Result "0-1"]
[WhiteElo "1927"]
[BlackElo "1780"]
[PlyCount "79"]
[EventDate "2013.09.22"]
[EventType "swiss"]
[EventRounds "9"]
[EventCountry "ESP"]
[SourceTitle "EXT 2015"]
[Source "ChessBase"]
[SourceDate "2014.11.20"]
[SourceVersion "1"]
[SourceVersionDate "2014.11.20"]
[SourceQuality "1"]

1. e4 e5 2. c3 Nf6 3. Qc2 Nc6 4. Ne2 d5 5. d3 Be7 6. h3 0-0 7. g3 Qd6 8. Bg2 dxe4 9. dxe4 Rd8 10. Be3 Be6 11. Nd2 Na5 12. b3 Qa6 13. Nf3 Nc6 14. 0-0 Rd3 15. Ng5 Bd7 16. Rfd1 Rxd1+ 17. Rxd1 h6 18. Nf3 Rd8 19. Bf1 b5 20. g4 Qc8 21. Ng3 a6 22. Qb2 Be6 23. Rc1 Nd7 24. c4 b4 25. c5 f6 26. Nf5 Ndb8 27. Nd2 Bf8 28. f3 Kh7 29. Kg2 g6 30. Ng3 Nd4 31. f4 Nbc6 32. f5 gxf5 33. Nxf5 Nxf5 34. gxf5 Bf7 35. Nf3 Qd7 36. Bxa6 Nd4 37. Bxd4 exd4 38. Bd3 Be7 39. Qd2 Rg8+ 40. Kf2 0-1